Lenders launch landlord loans (Record no. 18627)

MARC details
000 -LEADER
fixed length control field 01053cab a2200277 4500
001 - CONTROL NUMBER
control field WB3223-25
008 - FIXED-LENGTH DATA ELEMENTS--GENERAL INFORMATION
fixed length control field 090401t1996 xxu||||| |||| 00| 0 eng d
035 ## - SYSTEM CONTROL NUMBER
System control number (Sirsi) u27663
041 ## - LANGUAGE CODE
Language code of text/sound track or separate title eng
245 ## - TITLE STATEMENT
Title Lenders launch landlord loans
260 ## - PUBLICATION, DISTRIBUTION, ETC.
Date of publication, distribution, etc. 1996
350 ## - PRICE (NR) (BK AM CF MU VM SE) [OBSOLETE]
Price 0
490 ## - SERIES STATEMENT
Series statement Observer
Volume/sequential designation 9 June 1996, 14
490 ## - SERIES STATEMENT
Series statement Sunday Business
Volume/sequential designation 9 June 1996, 15
490 ## - SERIES STATEMENT
Series statement Sunday Times
Volume/sequential designation 9 June 1996, 5:3
490 ## - SERIES STATEMENT
Series statement Financial Times
Volume/sequential designation 8 June 1996, vi (4)
520 ## - SUMMARY, ETC.
Summary, etc. A number of mortgage lenders led by the Woolwich Building Society are offering special landlord loans to be met primarily by rental income. The scheme is backed by the Association of Residential Letting Agents (ARLA) and hopes to boost the private sector rental market. Discusses factors affecting reasonable financial returns for landlords.
650 ## - SUBJECT ADDED ENTRY--TOPICAL TERM
Topical term or geographic name entry element BUY-TO-LET SCHEMES
650 ## - SUBJECT ADDED ENTRY--TOPICAL TERM
Topical term or geographic name entry element LANDLORD LOANS
650 ## - SUBJECT ADDED ENTRY--TOPICAL TERM
Topical term or geographic name entry element LANDLORDS
650 ## - SUBJECT ADDED ENTRY--TOPICAL TERM
Topical term or geographic name entry element PRIVATE RENTED SECTOR
650 ## - SUBJECT ADDED ENTRY--TOPICAL TERM
Topical term or geographic name entry element RENTED HOUSING
690 ## - LOCAL SUBJECT ADDED ENTRY--TOPICAL TERM (OCLC, RLIN)
Topical term or geographic name as entry element HOUSING-FINANCE
942 ## - ADDED ENTRY ELEMENTS (KOHA)
Suppress in OPAC 0
948 ## - LOCAL PROCESSING INFORMATION (OCLC); SERIES PART DESIGNATOR (RLIN)
c (OCLC) 04/03/1997
Holdings
Withdrawn status Lost status Source of classification or shelving scheme Damaged status Not for loan Home library Current library Shelving location Date acquired Total Checkouts Full call number Barcode Date last seen Copy number Price effective from Koha item type
    Dewey Decimal Classification     London London News article 14/09/1999   WB3223-25 27663-1001 06/08/2019 1 06/08/2019 News article